Normal view MARC view

Entry Personal Name

Number of records used in: 1

001 - CONTROL NUMBER

  • control field: 1021

003 - CONTROL NUMBER IDENTIFIER

  • control field: PK-NaQUE

005 - DATE AND TIME OF LATEST TRANSACTION

  • control field: 20260629115412.0

008 - FIXED-LENGTH DATA ELEMENTS

  • fixed length control field: 260629|| aca||aabn | a|a d

040 ## - CATALOGING SOURCE

  • Original cataloging agency: PK-NaQUE
  • Transcribing agency: PK-NaQUE

100 ## - HEADING--PERSONAL NAME

  • Personal name: Hira Ashraf
  • Personal name: 21-MSIT-22
  • Personal name: Supervisor - Dr. Asghar Ali Chandio

670 ## - SOURCE DATA FOUND

  • Source citation: Work cat.: (PK-NaQUE)69079: Hira Ashraf 21-MSIT-22 Supervisor - Dr. Asghar Ali Chandio, Analyzing The Academic Performance of Students by Using Machine Learning (Thesis MS), 2024